[Event "Wch Seniors 50 26th"]
[Site "Marianske Lazne"]
[Date "2016.11.29"]
[Round "10"]
[White "Boulard, Eric"]
[Black "Elias, Miroslav"]
[Result "1/2-1/2"]
[WhiteElo "2245"]
[BlackElo "2043"]
[PlyCount "40"]
[EventDate "2016.11.19"]
[EventType "swiss"]
[EventRounds "11"]
[EventCountry "CZE"]
[SourceTitle "CBM 175 Extra"]
[Source "ChessBase"]
[SourceDate "2016.12.12"]
[SourceVersion "1"]
[SourceVersionDate "2016.12.12"]
[SourceQuality "1"]

1. e4 e5 2. Nf3 Nf6 3. Nc3 Bb4 4. Nd5 Nxd5 5. exd5 0-0 6. c3 Ba5 7. d4 d6 8. dxe5 dxe5 9. Be2 Re8 10. 0-0 Bb6 11. Nd2 Qxd5 12. Bc4 Qc6 13. Qh5 Qg6 14. Qxg6 hxg6 15. Nf3 Nc6 16. Ng5 Nd8 17. Re1 Kf8 18. Nh7+ Kg8 19. Ng5 Kf8 20. Nh7+ Kg8 1/2-1/2

[Event "CZE-ch Seniors 50"]
[Site "Rychnov nad Kneznou"]
[Date "2015.08.18"]
[Round "4"]
[White "Korinkova, Eva"]
[Black "Elias, Miroslav"]
[Result "0-1"]
[WhiteElo "1734"]
[BlackElo "2083"]
[PlyCount "72"]
[EventDate "2015.08.15"]
[EventType "swiss"]
[EventRounds "9"]
[EventCountry "CZE"]
[SourceTitle "EXT 2016"]
[Source "ChessBase"]
[SourceDate "2015.10.08"]
[SourceVersion "1"]
[SourceVersionDate "2015.10.08"]
[SourceQuality "1"]

1. Nf3 Nf6 2. g3 d5 3. Bg2 c5 4. d3 Nc6 5. Nbd2 e5 6. e4 d4 7. Nc4 Bg4 8. a4 Bd6 9. 0-0 Bc7 10. Qe1 h6 11. Bd2 Nd7 12. h3 Be6 13. h4 0-0 14. Nh2 Qe7 15. f4 f6 16. f5 Bf7 17. Qe2 Nb6 18. b3 Nxc4 19. bxc4 Ba5 20. Bc1 Bc3 21. Rb1 Nb4 22. g4 Be8 23. g5 Bxa4 24. Rxb4 cxb4 25. g6 Rfd8 26. Qh5 Bxc2 27. Ng4 b3 28. Bxh6 gxh6 29. Nxh6+ Kg7 30. Nf7 Rh8 31. Qg4 Bxd3 32. Rf2 b2 33. h5 b1Q+ 34. Kh2 Qe1 35. Qh4 Bd2 36. Qh3 Qxf2 0-1

[Event "CZE-chT2B 1112"]
[Site "Czech Republic"]
[Date "2011.10.09"]
[Round "1.2"]
[White "Haman, Jakub"]
[Black "Elias, Miroslav"]
[Result "1-0"]
[WhiteElo "2134"]
[BlackElo "2127"]
[PlyCount "97"]
[EventDate "2011.10.09"]
[EventType "team-tourn"]
[EventRounds "11"]
[EventCountry "CZE"]
[SourceTitle "EXT 2013"]
[Source "ChessBase"]
[SourceDate "2012.11.22"]
[SourceVersion "1"]
[SourceVersionDate "2012.11.22"]
[SourceQuality "1"]
[WhiteTeam "Kladno"]
[BlackTeam "Sokolov"]
[WhiteTeamCountry "CZE"]
[BlackTeamCountry "CZE"]

1. e4 e5 2. Nf3 Nf6 3. d4 Nxe4 4. Bd3 d5 5. Nxe5 Nd7 6. Nxd7 Bxd7 7. 0-0 Qh4 8. c4 0-0-0 9. c5 Kb8 10. Nc3 Nf6 11. f4 Ng4 12. h3 h5 13. Qe1 Qf6 14. hxg4 Qxd4+ 15. Qe3 Bxc5 16. Qxd4 Bxd4+ 17. Kh2 hxg4+ 18. Kg3 f5 19. Bd2 Bf6 20. Rh1 c6 21. Rae1 g6 22. Nd1 c5 23. b3 Bc6 24. Bc3 d4 25. Bd2 Kc7 26. Nb2 Rde8 27. Rxh8 Rxh8 28. Kf2 Rh2 29. Rg1 Bh4+ 30. Kf1 Be4 31. Bxe4 fxe4 32. f5 e3 33. fxg6 Bf6 34. Be1 Rh6 35. Nd3 Kc6 36. Ke2 Rxg6 37. Rf1 Bg7 38. Rf5 b6 39. Rf7 b5 40. Ba5 c4 41. Rc7+ Kd6 42. bxc4 bxc4 43. Rxc4 Rh6 44. Bb4+ Kd7 45. Bc5 Rh2 46. Ne1 Be5 47. Bxd4 Bg3 48. Rc2 Rh1 49. Nd3 1-0

[Event "Jirasek Memorial op 23rd"]
[Site "Rakovnik"]
[Date "2011.08.13"]
[Round "9"]
[White "Klement, Lukas"]
[Black "Elias, Miroslav"]
[Result "1-0"]
[WhiteElo "2234"]
[BlackElo "2121"]
[PlyCount "105"]
[EventDate "2011.08.06"]
[EventType "swiss"]
[EventRounds "9"]
[EventCountry "CZE"]
[SourceTitle "CBM 143 Extra"]
[Source "ChessBase"]
[SourceDate "2011.08.29"]
[SourceVersion "1"]
[SourceVersionDate "2011.08.29"]
[SourceQuality "1"]

1. Nf3 Nf6 2. g3 g6 3. Bg2 Bg7 4. 0-0 d5 5. d3 0-0 6. Nbd2 c6 7. e4 dxe4 8. dxe4 Qa5 9. c3 Qh5 10. Nd4 Qxd1 11. Rxd1 e5 12. N4b3 Rd8 13. Re1 Na6 14. Bf1 Nc7 15. f3 Ne6 16. Nc4 Ne8 17. Be3 b6 18. a4 f6 19. Rad1 Bb7 20. a5 b5 21. Na3 Bf8 22. Nc2 Nd6 23. Bf2 Be7 24. Ne3 Ba6 25. Nc1 Kf7 26. Nd3 Nc4 27. Nxc4 bxc4 28. Nb4 Bb5 29. Rxd8 Bxd8 30. Rd1 Ke7 31. a6 Bb6 32. Nc2 Bxf2+ 33. Kxf2 Ba4 34. Rd2 Bb5 35. Na3 Bxa6 36. Bxc4 Bxc4 37. Nxc4 Rd8 38. Rxd8 Kxd8 39. Ke3 Kd7 40. f4 exf4+ 41. gxf4 g5 42. f5 Ng7 43. Kd4 h5 44. b4 h4 45. Ne3 Ne8 46. e5 fxe5+ 47. Kxe5 Ke7 48. Ng4 Kf7 49. f6 Nc7 50. Kf5 h3 51. Ne5+ Kf8 52. Kg6 g4 53. Nd7+ 1-0

[Event "CZE-chT2B 1011"]
[Site "Czech Republic"]
[Date "2010.11.21"]
[Round "3.2"]
[White "Elias, Miroslav"]
[Black "Ralis, Petr"]
[Result "1/2-1/2"]
[WhiteElo "2104"]
[BlackElo "2261"]
[PlyCount "110"]
[EventDate "2010.10.17"]
[EventType "team-tourn"]
[EventRounds "11"]
[EventCountry "CZE"]
[SourceTitle "EXT 2012"]
[Source "ChessBase"]
[SourceDate "2011.11.24"]
[SourceVersion "1"]
[SourceVersionDate "2011.11.24"]
[SourceQuality "1"]
[WhiteTeam "Sokolov"]
[BlackTeam "Podborany"]
[WhiteTeamCountry "CZE"]
[BlackTeamCountry "CZE"]

1. e4 c5 2. b3 d5 3. exd5 Qxd5 4. Nc3 Qe5+ 5. Be2 Bg4 6. Bb2 Bxe2 7. Qxe2 Qxe2+ 8. Ngxe2 Nc6 9. Ne4 b6 10. 0-0 h6 11. f4 0-0-0 12. f5 Nf6 13. N2g3 Nd4 14. c3 Ne2+ 15. Nxe2 Nxe4 16. d4 c4 17. Nf4 h5 18. Rfe1 Nd6 19. Re5 Rh6 20. Ba3 h4 21. Rae1 cxb3 22. axb3 Rf6 23. Nh5 Rh6 24. Nf4 Rf6 25. Nd5 Rxf5 26. Nxe7+ Bxe7 27. Rxe7 Nb5 28. Bb2 h3 29. R1e5 Rxe5 30. Rxe5 a6 31. g4 Rd6 32. Kf2 Rf6+ 33. Kg3 Kd7 34. c4 Nc7 35. d5 Rf1 36. Re3 Ne8 37. Kxh3 Rb1 38. Bd4 b5 39. Bc5 Nd6 40. cxb5 axb5 41. Rd3 Rc1 42. Be3 Rc2 43. Kg3 Ne4+ 44. Kf3 Nc5 45. Bxc5 Rxc5 46. Ke4 Kd6 47. Rf3 f6 48. g5 fxg5 49. Rf5 Rc2 50. Rxg5 Re2+ 51. Kd4 Rd2+ 52. Kc3 Rxh2 53. Kb4 Rh3 54. Rxg7 Kxd5 55. Rc7 Kd6 1/2-1/2

[Event "Jirasek Memorial op-A"]
[Site "Rakovnik"]
[Date "2009.08.09"]
[Round "2"]
[White "Elias, Miroslav"]
[Black "Pokorny, Petr"]
[Result "0-1"]
[WhiteElo "2069"]
[BlackElo "2218"]
[PlyCount "68"]
[EventDate "2009.08.08"]
[EventType "swiss"]
[EventRounds "9"]
[EventCountry "CZE"]
[SourceTitle "EXT 2010"]
[Source "ChessBase"]
[SourceDate "2010.11.25"]
[SourceVersion "1"]
[SourceVersionDate "2010.11.25"]
[SourceQuality "1"]

1. e4 c5 2. b3 Nc6 3. Bb2 e5 4. f4 d6 5. Nf3 exf4 6. Bb5 Nf6 7. 0-0 Be7 8. e5 dxe5 9. Nxe5 Bd7 10. Bxc6 Bxc6 11. Nxc6 bxc6 12. Rxf4 0-0 13. Na3 Nd5 14. Qg4 Bf6 15. Bxf6 Nxf6 16. Qg5 Qxd2 17. Nc4 Qd5 18. Qf5 Rfe8 19. Raf1 Re2 20. Qh3 Rae8 21. c3 Rxa2 22. Rf5 Qe6 23. Qg3 Ne4 24. Qf3 f6 25. h4 Rc2 26. Re5 fxe5 27. Qxe4 Rxc3 28. Rd1 Qg6 29. Qe1 Rxb3 30. Nd6 Rb2 31. Qf1 h6 32. Nxe8 Qxe8 33. Qc4+ Kh7 34. Qxc5 Qg6 0-1

[Event "Sec op-A"]
[Site "Sec u Chrudimi"]
[Date "2007.10.26"]
[Round "8"]
[White "Holasek, Pavel"]
[Black "Elias, Miroslav"]
[Result "0-1"]
[WhiteElo "2099"]
[BlackElo "2068"]
[PlyCount "64"]
[EventDate "2007.10.20"]
[EventType "swiss"]
[EventRounds "9"]
[EventCountry "CZE"]
[SourceTitle "EXT 2022"]
[Source "ChessBase"]
[SourceDate "2021.10.06"]
[SourceVersion "1"]
[SourceVersionDate "2021.10.06"]
[SourceQuality "1"]

1. e4 e5 2. Nf3 Nf6 3. Bc4 Nxe4 4. Nc3 Nxc3 5. dxc3 f6 6. 0-0 d6 7. Nh4 g6 8. f4 f5 9. Nf3 Nc6 10. fxe5 dxe5 11. Qe1 Qe7 12. b4 e4 13. Bg5 Qg7 14. Rd1 Be7 15. Bxe7 Qxe7 16. Qg3 Be6 17. Bxe6 Qxe6 18. b5 Ne7 19. Nd4 Qd6 20. Qe3 Nd5 21. Qh6 0-0-0 22. Kh1 Nxc3 23. Rd2 Nxb5 24. Rfd1 Nxd4 25. c3 c5 26. cxd4 cxd4 27. Qg7 Qc7 28. Qf6 Rhf8 29. Qe6+ Kb8 30. Rb2 Rd6 31. Qb3 Rfd8 32. Rdb1 Rb6 0-1

[Event "Sec op-A"]
[Site "Sec u Chrudimi"]
[Date "2007.10.22"]
[Round "4"]
[White "Kovar, Petr"]
[Black "Elias, Miroslav"]
[Result "1-0"]
[WhiteElo "1997"]
[BlackElo "2068"]
[PlyCount "41"]
[EventDate "2007.10.20"]
[EventType "swiss"]
[EventRounds "9"]
[EventCountry "CZE"]
[SourceTitle "EXT 2022"]
[Source "ChessBase"]
[SourceDate "2021.10.06"]
[SourceVersion "1"]
[SourceVersionDate "2021.10.06"]
[SourceQuality "1"]

1. c4 e6 2. Nf3 d5 3. d4 Nf6 4. Nc3 Be7 5. Bg5 0-0 6. e3 b6 7. cxd5 Nxd5 8. Bxe7 Qxe7 9. Rc1 Bb7 10. Bd3 Nb4 11. Bb1 c5 12. a3 cxd4 13. Nxd4 Nd5 14. 0-0 Nd7 15. Nxd5 Bxd5 16. e4 Bb7 17. Rc7 Ba6 18. Nc6 Qg5 19. Rxd7 Bb5 20. Qc1 Qh4 21. Bd3 1-0

[Event "CZE-chT2b 0607"]
[Site "Czech Republic"]
[Date "2007.01.14"]
[Round "6"]
[White "Tichy, Stepan"]
[Black "Elias, Miroslav"]
[Result "1-0"]
[WhiteElo "2128"]
[BlackElo "2044"]
[PlyCount "121"]
[EventDate "2006.10.15"]
[EventType "team"]
[EventRounds "11"]
[EventCountry "CZE"]
[SourceTitle "EXT 2009"]
[Source "ChessBase"]
[SourceDate "2008.11.26"]
[SourceVersion "1"]
[SourceVersionDate "2008.11.26"]
[SourceQuality "1"]

1. Nf3 Nf6 2. g3 d5 3. d4 c6 4. Bg2 Bf5 5. Nbd2 e6 6. 0-0 Nbd7 7. c4 Bd6 8. Re1 0-0 9. Nh4 Bg4 10. Qb3 Qb6 11. Qxb6 axb6 12. h3 Bh5 13. g4 Bg6 14. Nxg6 hxg6 15. e4 dxe4 16. Nxe4 Nxe4 17. Rxe4 Nf6 18. Re2 Rfd8 19. Be3 Ra4 20. Rc2 e5 21. b3 Raa8 22. d5 c5 23. a4 Nd7 24. Rca2 Ra6 25. Be4 Rf8 26. g5 Kh7 27. a5 Rfa8 28. Bd2 bxa5 29. Rxa5 Rxa5 30. Rxa5 Rxa5 31. Bxa5 b6 32. Bc3 f5 33. Bc2 Kg8 34. f3 Kf7 35. Kf2 Ke7 36. Ke3 b5 37. cxb5 Nb6 38. Bd2 Nxd5+ 39. Ke2 Kd7 40. Bd3 Bc7 41. Bc4 Kd6 42. h4 Bd8 43. f4 exf4 44. Bxd5 Kxd5 45. Bc3 Ke4 46. Bxg7 Bb6 47. Bf6 f3+ 48. Kf1 Kd5 49. Bc3 Ke6 50. Be1 Kd5 51. Bf2 Ba5 52. Be3 Bc7 53. Kf2 f4 54. Bd2 Ke4 55. Bc3 Bb6 56. Kf1 Kd5 57. Bd2 Ke4 58. h5 c4 59. bxc4 gxh5 60. g6 Bd4 61. b6 1-0